000 01368nam a2200241 a 4500
001 52821
003 BD-RjUL
005 20211209075850.0
008 160927s1979 ii ||||| |||| 00| 0 ben d
020 _c: Tk. 150.00
035 _a(BD-RjUL)52941
040 _aBD-RjUL
_bben
_cBD-RjUL
041 _aben
082 _223
_a891.4409
_bSAH 1979
245 0 0 _aসাহিত্যদর্পণ :
_b[ মূল, বঙ্গানুবাদ ও শ্রীরামচরণ তর্কবাগীশ-কৃত টীকাসহ ] /
_cবঙ্গানুবাদ ও সম্পাদনা শ্রীবিমলাকান্ত মুখোপাধ্যায়
250 _aপরিবর্তিত, পরিবর্ধিত ও পরিমার্জিত ২য় সং.
260 _aকলিকাতা :
_bসংস্কৃত পুস্তক ভাণ্ডার,
_c১৯৭৯ (১৩৮৬)
300 _a[১৮], ৮১২ পৃ. ;
_c২৩ সেমি.
650 _aবাংলা সাহিত্য
_xইতিহাস ও সমালোচনা
_9157956
650 _aBengali Literature
_xHistory and Criticism
_9157957
700 _aমুখোপাধ্যায়, শ্রীবিমলাকান্ত, বঙ্গানুবাদক ও সম্পাদক
_9157958
942 _2ddc
_cBK
999 _c52821
_d52821